| 000 | 00399nam a2200145Ia 4500 | ||
|---|---|---|---|
| 008 | 220217s9999||||xx |||||||||||||| ||und|| | ||
| 020 | _a0-07-049510-6 | ||
| 082 | _a005.43 MUS | ||
| 100 |
_aMuster, John _92652 |
||
| 245 | 0 | _aUnix made easy: unix and linux basics and beyond | |
| 250 | _a3rd | ||
| 260 |
_aTata mcgraw hill _bNew Delhi _c2002 |
||
| 300 | _b350 | ||
| 650 | _aOperating systems | ||
| 999 |
_c169535 _d169535 |
||